Practice Exercises for Advanced Microeconomic Theory
| Автор: | |
|---|---|
| Формат: | Невідомо |
| Опубліковано: |
The MIT Press
2017
|
| LEADER | 00225 a2200085 4500 | ||
|---|---|---|---|
| 020 | |a 9780262533140 | ||
| 100 | |a Felix Munoz-Garcia | ||
| 245 | |a Practice Exercises for Advanced Microeconomic Theory | ||
| 260 | |b The MIT Press |c 2017 | ||
| 999 | |c 40849 |d 40849 | ||